| Tag |
First Indicator |
Second Indicator |
Subfields |
| LEADER |
00000pam a2200000 a 4500 |
| 001 |
in00000412751 |
| 005 |
20151012050723.0 |
| 008 |
821208s1985 cau b 00110 eng |
| 010 |
|
|
|a 82023816
|
| 020 |
|
|
|a 0520049985
|
| 035 |
|
|
|a (OCoLC)09082865
|
| 035 |
|
|
|9 ABT1056AM
|
| 039 |
0 |
|
|a 2
|b 3
|c 3
|d 3
|e 3
|
| 040 |
|
|
|a DLC
|c DLC
|d TXA
|d UtOrBLW
|
| 049 |
|
|
|a TXAM
|c [A09287567]
|
| 050 |
0 |
0 |
|a BS646
|b .A43 1985
|
| 082 |
0 |
|
|a 270.3
|2 19
|
| 100 |
1 |
|
|a Alexander, Paul Julius,
|d 1910-1977.
|
| 245 |
1 |
4 |
|a The Byzantine apocalyptic tradition /
|c Paul J. Alexander ; edited with an introduction by Dorothy deF. Abrahamse.
|
| 264 |
|
1 |
|a Berkeley :
|b University of California Press,
|c [1985]
|
| 264 |
|
4 |
|c ©1985
|
| 300 |
|
|
|a vi, 239 pages ;
|c 24 cm.
|
| 336 |
|
|
|a text
|b txt
|2 rdacontent
|
| 337 |
|
|
|a unmediated
|b n
|2 rdamedia
|
| 338 |
|
|
|a volume
|b nc
|2 rdacarrier
|
| 504 |
|
|
|a Includes bibliographical references and index.
|
| 650 |
|
0 |
|a Apocalyptic literature.
|
| 650 |
|
0 |
|a Christian literature, Byzantine.
|
| 700 |
1 |
|
|a Abrahamse, Dorothy deF.
|
| 999 |
|
|
|a MARS
|
| 999 |
f |
f |
|s 1223752b-f9fb-3d4f-9619-7abe00f6cbfb
|i d0504cf7-c86e-3c9b-ab9b-0def325d32ab
|t 0
|
| 952 |
f |
f |
|p normal
|a Texas A&M University
|b College Station
|c Sterling C. Evans Library
|d Evans: Library Stacks
|t 0
|e BS646 .A43 1985
|h Library of Congress classification
|i unmediated -- volume
|m A14809287567
|
| 998 |
f |
f |
|a BS646 .A43 1985
|t 0
|l Evans: Library Stacks
|